مكتبة جامعة عجلون الوطنية

فهرس بحث المكتبة

Normal view MARC view
  • محمود ، يوسف، م .مشارك: نصر صالح ، خليل وشاح

Entry Personal Name

Number of records used in: 1

001 - CONTROL NUMBER

  • control field: 37798

003 - CONTROL NUMBER IDENTIFIER

  • control field: JO-AjAnu

005 - DATE AND TIME OF LATEST TRANSACTION

  • control field: 20230606080311.0

008 - FIXED-LENGTH DATA ELEMENTS

  • fixed length control field: 230606|| aca||aabn | a|a d

040 ## - CATALOGING SOURCE

  • Original cataloging agency: JO-AjAnu
  • Transcribing agency: JO-AjAnu

100 ## - HEADING--PERSONAL NAME

  • Personal name: محمود ، يوسف، م .مشارك: نصر صالح ، خليل وشاح

670 ## - SOURCE DATA FOUND

  • Source citation: Work cat.: (JO-AjAnu)19394: محمود ، يوسف، م .مشارك: نصر صالح ، خليل وشاح , author, اساسيات الفيزياء الجامعيه الميكانيكا والحرارة